Životné minimum od 1. júla 2019

Suma životného minima sa ustanovuje každý rok k 1. júlu. Stanovuje sa z údajov poskytnutých zo Štatistického úradu SR a to z koeficientu rastu čistých peňažných príjmov na osobu alebo koeficientu rastu životných nákladov nízkopríjmových domácností. Rozhodujúcim obdobím, za ktoré sa zisťuje, je obdob...

Descrizione completa

Salvato in:
Dettagli Bibliografici
Autore principale: Danajovičová, Katarína
Natura: Capitolo di libro
Lingua:slovacco
Soggetti:
Tags: Aggiungi Tag
Nessun Tag, puoi essere il primo ad aggiungerne!!

MARC

LEADER 00000naa a2200000 4500
001 0258079
005 20190906103943.6
041 0 |a slo 
044 |a SK 
245 1 0 |a Životné minimum od 1. júla 2019  |c Katarína Danajovičová 
520 |a Suma životného minima sa ustanovuje každý rok k 1. júlu. Stanovuje sa z údajov poskytnutých zo Štatistického úradu SR a to z koeficientu rastu čistých peňažných príjmov na osobu alebo koeficientu rastu životných nákladov nízkopríjmových domácností. Rozhodujúcim obdobím, za ktoré sa zisťuje, je obdobie od apríla predchádzajúceho kalendárneho roku do apríla bežného kalendárneho roku. Životné minimum od 1. júla 2019. 
610 2 0 |a minimum existenčné 
610 2 0 |a náklady životné 
610 2 0 |a osoby fyzické 
610 2 0 |a dôchodky starobné 
610 2 0 |a legislatíva 
100 1 |a Danajovičová, Katarína